Primeval Series Actors Quiz Stats

 Plays Quiz not verified by Sporcle

Challenge
Share
Tweet
Embed
Score 0/13 Timer 05:00
0 Plays Today
Hint Answer % Correct
Connor TempleAndrew-Lee Potts
100%
James LesterBen Miller
96.1%
Abby MaitlandHannah Spearritt
92.2%
Nick CutterDouglas Henshall
90.2%
Hilary BeckerBen Mansfield
82.4%
Claudia Brown/Jenny LewisLucy Brown
78.4%
Helen CutterJuliet Aubrey
76.5%
Danny QuinnJason Flemyng
72.5%
Stephen HartJames Murray
70.6%
Sarah PageLaila Rouass
64.7%
Jess ParkerRuth Kearney
54.9%
Philip BurtonAlexander Siddig
51%
Matt AndersonCiaran McMenamin
47.1%

You're not logged in!

Compare scores with friends on all Sporcle quizzes.
OR
Log In

You Might Also Like...

Show Comments

Extras

Created Jun 26, 2016ReportNominate
Tags:Actor Quiz, primeval

Top Quizzes Today


Score Distribution

Your Account Isn't Verified!

In order to create a playlist on Sporcle, you need to verify the email address you used during registration. Go to your Sporcle Settings to finish the process.

Report this User

Report this user for behavior that violates our Community Guidelines.

Details: